000 00970cam a2200301 i 4500
001 8557
003 Mx-PuUPA
005 20260302102552.0
008 140415s1981 mx a gr 000 0 spa d
020 _a9682800285
_qempastado
040 _aMx-PuUPA
_bspa
_cMx-PuUPA
_dMx-PuUPA
_erda
041 1 _aspa
_heng
110 2 _aReader's Digest México,
_96672
_eautor
245 1 0 _aDelicias culinarias /
_cReader's Digest México
250 _aPrimera edición
264 1 _aMéxico, D.F. :
_bReader's Digest México,
_c©1981
300 _a352 páginas :
_bilustraciones (en color) ;
_c23 cm
336 _2rdacontent
_atexto
_btxt
336 _2rdacontent
_aimagen fija
_bsti
337 _2rdamedia
_asin medio
_bn
338 _2rdacarrier
_avolumen
_bnc
650 7 _2armarc
_aCocina
650 7 _2armarc
_aCocina internacional
650 7 _2armarc
_aGastronomía
942 _2ddc
_cLI
_h641.59
_iD3318
999 _c8557
_d8557